An investigation into the syntactics, semantic and cultural features of idioms denoting life and death in English and Vietnamese

Introduction; Literature review and theoretical background; Methods and procedures...

Сохранить в:
Библиографические подробности
Главный автор: Nguyễn, Hoàng Trà My.
Другие авторы: Trương, Viên, Assoc. Prof. Dr. (Supervisor.)
Формат: Неизвестно
Язык:English
Опубликовано: Đà Nẵng : The University of Da Nang, 2011.
Предметы:
Метки: Добавить метку
Нет меток, Требуется 1-ая метка записи!
Thư viện lưu trữ: Mạng thư viện Đại học Đà Nẵng
LEADER 03090na a2200421 4500
001 000030918
003 4939
005 20221112140909.0
008 151001s2011 000 eng
040 |a Lnn  |c Lnn  |d Lnn 
041 0 |a eng 
082 0 4 |a 420.14  |b NG-M 
100 1 |a Nguyễn, Hoàng Trà My. 
245 1 3 |a An investigation into the syntactics, semantic and cultural features of idioms denoting life and death in English and Vietnamese  |h [Thesis-Luận văn thạc sĩ] /  |c Nguyễn Hoàng Trà My ; Trương Viên hướng dẫn. 
260 |a Đà Nẵng :  |b The University of Da Nang,  |c 2011. 
300 |a 82 p. ;  |c 29 cm. +  |e 1 Abstract. 
500 |a Master thesis in the English language. Field: The English language. Code: 60.22.15. 
520 3 |a Introduction; Literature review and theoretical background; Methods and procedures... 
630 0 4 |a English language. 
650 0 4 |a English language  |x Discourse analysis. 
650 0 4 |a English language  |x Syntactic. 
650 0 4 |a English language  |x Semantic. 
650 0 4 |a English language  |x Idioms. 
700 1 |a Trương, Viên,  |c Assoc. Prof. Dr.,  |e Supervisor. 
816 |a Luan van TS 
OWN |a LNN 
902 |a Luận văn Thac si 
AVA |a UDN50  |b LNN  |c English  |d 420.4 NG-M  |e available  |t Error 5001 Not defined in file expand_doc_bib_avail.  |f 1  |g 0  |h N  |i 0  |j AN  |k 1 
Z40 3 |y An investigation into the syntactics, semantic and cultural features of idioms denoting life and dea  |l Library of UFL  |t VIEW  |x http://catalog.udn.vn:80/F?func=service&doc_library=UDN01&local_base=UDN01&doc_number=000030918&sequence=000001&line_number=0001&func_code=DB_RECORDS&service_type=MEDIA  |f tomtatLV_000008882.pdf  |e pdf  |s 000889133  |k 20200930  |m NTMTHI 
Z40 3 |y An investigation into the syntactics, semantic and cultural features of idioms denoting life and dea  |l Library of UFL  |t VIEW  |x http://catalog.udn.vn:80/F?func=service&doc_library=UDN01&local_base=UDN01&doc_number=000030918&sequence=000002&line_number=0002&func_code=DB_RECORDS&service_type=MEDIA  |f Thesis_000008884.pdf  |e pdf  |s 001336066  |k 20200930  |m NTMTHI 
999 |a From the UDN01 
AVA |a UDN50  |b LNN  |c English  |d 420.4 NG-M  |e available  |t Error 5001 Not defined in file expand_doc_bib_avail.  |f 1  |g 0  |h N  |i 0  |j AN  |k 1 
TYP |a Printed language 
856 |y An investigation into the syntactics, semantic and cultural features of idioms denoting life and dea  |l Library of UFL  |t VIEW  |x http://catalog.udn.vn:80/F?func=service&doc_library=UDN01&local_base=UDN01&doc_number=000030918&sequence=000001&line_number=0001&func_code=DB_RECORDS&service_type=MEDIA  |f tomtatLV_000008882.pdf  |e pdf  |s 000889133  |k 20200930  |m NTMTHI 
856 |y An investigation into the syntactics, semantic and cultural features of idioms denoting life and dea  |l Library of UFL  |t VIEW  |x http://catalog.udn.vn:80/F?func=service&doc_library=UDN01&local_base=UDN01&doc_number=000030918&sequence=000002&line_number=0002&func_code=DB_RECORDS&service_type=MEDIA  |f Thesis_000008884.pdf  |e pdf  |s 001336066  |k 20200930  |m NTMTHI 
980 |a Mạng thư viện Đại học Đà Nẵng